| 000 | 00865nam a2200265 i 4500 | ||
|---|---|---|---|
| 001 | 125176 | ||
| 003 | ES-SlBCS | ||
| 005 | 20220127153350.0 | ||
| 008 | 190904s2019 sp ||| |001 0 spadd | ||
| 017 |
_aM 3041-2019 _bOficina de depósito legal de Madrid |
||
| 020 | _a9788498797442 | ||
| 040 |
_aUPCO _dES-SlBCS |
||
| 041 | 1 |
_aspa _hger |
|
| 100 | 1 |
_aSchmid, Konrad _d(1965-....) _9109128 |
|
| 245 | 1 | 0 |
_aHistoria literaria del Antiguo Testamento _cKonrad Schmid ; traducción de José María Ábrego de Lacy |
| 260 |
_aMadrid : _bTrotta, _c2019. |
||
| 300 |
_a349 p. ; _c24 cm |
||
| 336 | _aTexto (visual) | ||
| 337 | _asin mediación | ||
| 490 | 0 |
_aBiblioteca de ciencias bíblicas y orientales _v; 13 |
|
| 630 | 0 |
_aBiblia. _pA.T. _xCrítica literaria _9116179 |
|
| 650 | 1 | 4 |
_aBiblia y Literatura _9116181 |
| 650 | 1 | 4 |
_aHistoria _92130 |
| 942 |
_2lcc _cBK |
||
| 999 |
_c481151 _d481151 |
||